01100 2200325 4500001002100000005001500021035002000036007000300056008004100059336002100100337002300121338003800144040002200182100003700204245011900241300003200360020002200392082001500414084001700429264003000446500006900476650001800545850001200563852002000575856007500595700003000670504003000700990002200730990002200752INLIS00000000090063820251020113759 a0010-1025000661ta220930t2012 yoia gs ind d 2rdacontentateks 2rdamediaakomputer 2rdacarrierasumber sambung jaring aYOPDYOGbinderda0 aGhufran H. Kordi K, MePengarang10aJurus jitu pengelolaan tambak untuk budi daya perikanan ekonomis /cM. Ghufran H. Kordi; penyunting, Nikodemus WK. a1 berkas komputer (11,9 MB) a978-979-29-3142-604223a639.31 a639.31 GHU j31aYogyakarta :bLily,c2012 aUntuk mengakses buku ini silakan unduh aplikasi http://ijogja.id 4aBudidaya ikan aYOPDYOG8 aaplikasi iJogja40nPerpustakaan Digital iJogjauhttp://ijogja.id/publications/books/25264 aNikodemus WK.ePenyunting aBibliografi : halaman 383 a001199-EPD/B.2018 a001200-EPD/B.2018